LIBRARY & INFORMATION CENTRE, KCAET, TAVANUR

ONLINE PUBLIC ACCESS CATALOGUE (OPAC)

Artificial intelligence in agriculture (Record no. 17520)

MARC details
000 -LEADER
fixed length control field 00516nam a22001577a 4500
003 - CONTROL NUMBER IDENTIFIER
control field OSt
008 - FIXED-LENGTH DATA ELEMENTS--GENERAL INFORMATION
fixed length control field 220617b |||||||| |||| 00| 0 eng d
020 ## - INTERNATIONAL STANDARD BOOK NUMBER
ISBN 9789389547924
082 ## - DEWEY DECIMAL CLASSIFICATION NUMBER
Classification number 630.006
Item number RAJ/AR
100 ## - MAIN ENTRY--AUTHOR NAME
Personal name Rajesh Singh
245 ## - TITLE STATEMENT
Title Artificial intelligence in agriculture
260 ## - PUBLICATION, DISTRIBUTION, ETC. (IMPRINT)
Place of publication New Delhi
Name of publisher New India Publishing Agency
Year of publication 2021
300 ## - PHYSICAL DESCRIPTION
Number of Pages 176
505 ## - FORMATTED CONTENTS NOTE
Formatted contents note <br/><br/> Artificial intelligence -- Agricultural applications.<br/> Intelligence artificielle -- Applications agricoles.<br/>
942 ## - ADDED ENTRY ELEMENTS (KOHA)
Koha item type Books
Holdings
Withdrawn status Lost status Damaged status Home library Current library Shelving location Date acquired Cost, normal purchase price Full call number Accession Number Koha item type
      KAUAET KAUAET KAU- SC Sub plan 31/03/2022 2995.00 630.006 RAJ/AR 26060 Books
free website counter